Un pensamiento para hoy

Gespeichert in:
Bibliographische Detailangaben
Format: Buch
Sprache:Spanisch
Veröffentlicht: Barcelona Universidad Espiritual Mundial Brahma Kumaris 1998
Ausgabe:5a. ed
Schlagworte:
Tags: Tag hinzufügen
Keine Tags, Fügen Sie den ersten Tag hinzu!

MARC

LEADER 00000nam a2200000 a 4500
001 UCP8454
003 CL-VaPUC
008 000303e19980000SP |||||||||||||||||spa|d
082 0 4 |a 152.4  |b UNP  |2 21 
245 1 3 |a Un pensamiento para hoy 
250 |a 5a. ed 
300 |a 91 p 
942 |c BK 
945 |d 20000303 00:00:00  |a rbrito 
260 |a Barcelona  |b Universidad Espiritual Mundial Brahma Kumaris  |c 1998 
650 0 |a Pensamiento  |9 307612 
650 0 |a Amor  |9 257817 
650 0 |a Paz  |9 259242 
650 0 |a Alegría (emoción)  |9 308334 
650 0 |a Positivismo  |9 269460 
583 |a last modification  |c 20000303 00:00:00  |k Rodrigo Vera 
999 |c 285350  |d 285348 
952 |0 0  |1 0  |4 0  |6 152_400000000000000_UNP_1998  |7 0  |8 A  |9 329892  |a BIBEDU  |b BIBEDU  |d 2019-11-20  |i 3585395  |o 152.4 UNP 1998  |p 3585395  |r 2019-11-20  |w 2019-11-20  |y BK  |k EPE